000 00394cam a2200157ua 4500
003 OSt
008 250628b |||||||| |||| 00| 0 eng d
041 _aeng
082 _a624.1834
_bSTE/DE
100 _aStewart, D A .
_97615
245 _aDesign and placing of high quality concrete
250 _a2 /
260 _a :
_bE & F.N Spoon Ltd ,
_c1962.
300 _a162 :
_b` ; .
942 _cBK
999 _c1735
_d1735